[Event "ICS rated blitz match"]
[Site "204.178.125.65"]
[Date "2000.09.11"]
[Round "?"]
[White "Kupnu4"]
[Black "Hossa"]
[Result "0-1"]
[WhiteElo "2264"]
[BlackElo "2498"]
[PlyCount "50"]
[EventDate "2000.??.??"]

1. d4 d5 2. e3 Nf6 3. f4 Bf5 4. Bd3 Bxd3 5. cxd3 e6 6. Nf3 c5 7. dxc5 Bxc5 8.
d4 Bb6 9. Nc3 O-O 10. Ng5 Nc6 11. h4 Ba5 12. a3 h6 13. Qe2 Qc8 14. g4 Nxd4 15.
exd4 Bxc3+ 16. Bd2 Bxd2+ 17. Qxd2 Qc4 18. Rd1 hxg5 19. hxg5 Nxg4 20. Qg2 f5 21.
g6 Qb3 22. Rh8+ Kxh8 23. Qh1+ Nh6 24. Qxh6+ gxh6 25. g7+ Kxg7 {Kupnu4 resigns}
0-1

[Event "ICS rated blitz match"]
[Site "204.178.125.65"]
[Date "2000.09.11"]
[Round "?"]
[White "Hossa"]
[Black "Kupnu4"]
[Result "1/2-1/2"]
[WhiteElo "2505"]
[BlackElo "2257"]
[PlyCount "113"]
[EventDate "2000.??.??"]

1. e4 e6 2. d4 d5 3. Nc3 dxe4 4. Nxe4 Bd7 5. Nf3 Bc6 6. Bd3 Bxe4 7. Bxe4 c6 8.
O-O Nf6 9. Bd3 Be7 10. c3 O-O 11. Qb3 Qb6 12. Qxb6 axb6 13. Bg5 Nbd7 14. Rfd1
Rfe8 15. a3 b5 16. g3 Nb6 17. h3 h6 18. Be3 Nfd5 19. Ne5 Bf6 20. Bd2 Bxe5 21.
dxe5 Red8 22. Kg2 Nc4 23. Bxc4 bxc4 24. f3 b5 25. h4 Kf8 26. Kh2 Ke7 27. g4 Nb6
28. g5 h5 29. Be3 Na4 30. Rab1 g6 31. Bd4 Rd5 32. f4 Rad8 33. Rh1 c5 34. Be3
Rd3 35. Rhe1 R3d5 36. Kg2 R8d7 37. Re2 Rd8 38. Rh1 Rd1 39. Rxd1 Rxd1 40. Rc2
Rd3 41. Kf3 Kd7 42. Ke2 Kc6 43. Kf2 Kd5 44. Kf3 Rd1 45. Kg2 Rd3 46. Kf2 Rd1 47.
Kf3 Rd3 48. Re2 Kc6 49. Kf2 Nb6 50. Kg2 Nd5 51. Bd2 Nb6 52. Be3 Nd5 53. Bd2 Nb6
54. Be3 Na4 55. Kf2 Nb6 56. Kg2 Nd5 57. Bd2 {Game drawn by repetition} 1/2-1/2

[Event "ICS rated standard match"]
[Site "204.178.125.65"]
[Date "2000.09.11"]
[Round "?"]
[White "BrazilianMaster"]
[Black "Hossa"]
[Result "1-0"]
[WhiteElo "2594"]
[BlackElo "2337"]
[PlyCount "107"]
[EventDate "2000.??.??"]

1. e4 e5 2. Nf3 Nc6 3. Bb5 a6 4. Ba4 Nf6 5. Qe2 b5 6. Bb3 Bc5 7. a4 Rb8 8. axb5
axb5 9. Nc3 O-O 10. d3 d6 11. Bg5 Bg4 12. Nd5 Nd4 13. Nxd4 Bxe2 14. Bxf6 Ra8
15. Kxe2 Qb8 16. Nc6 Qb7 17. Nde7+ Kh8 18. Bh4 f5 19. Bd5 Rxa1 20. Rxa1 g5 21.
Bxg5 fxe4 22. Nxe5 Qb8 23. Nd7 Rxf2+ 24. Ke1 Qe8 25. Nxc5 Qf8 26. Ra8 Rf1+ 27.
Ke2 dxc5 28. dxe4 Rf2+ 29. Ke3 Qxa8 30. Bxa8 Rf8 31. Bd5 Kg7 32. Nf5+ Kg6 33.
Bf4 h5 34. Bxc7 Rh8 35. Bd6 c4 36. Nd4 h4 37. Nxb5 Rd8 38. Bxc4 Rc8 39. Nc7 Rb8
40. e5 h3 41. gxh3 Rh8 42. e6 Rxh3+ 43. Kd4 Rh4+ 44. Kc5 Kf6 45. e7 Rh8 46. Be6
Kg5 47. Kb6 Kf6 48. Kb7 Rxh2 49. e8=Q Rh7 50. Qf8+ Kg6 51. Qf5+ Kh6 52. Bf4+
Kg7 53. Qf7+ Kh8 54. Qg8# {Hossa checkmated} 1-0

[Event "ICS rated standard match"]
[Site "204.178.125.65"]
[Date "2000.09.11"]
[Round "?"]
[White "Hossa"]
[Black "BrazilianMaster"]
[Result "0-1"]
[WhiteElo "2331"]
[BlackElo "2600"]
[PlyCount "112"]
[EventDate "2000.??.??"]

1. e4 Nf6 2. e5 Nd5 3. d4 d6 4. Nf3 dxe5 5. Nxe5 g6 6. Bc4 c6 7. O-O Bg7 8. Re1
O-O 9. Bb3 Be6 10. Ng4 Na6 11. Bg5 Nac7 12. Nh6+ Kh8 13. c3 Qd7 14. Qe2 f6 15.
Bd2 g5 16. c4 Nf4 17. Bxf4 gxf4 18. Qh5 Qe8 19. Qh4 Qg6 20. d5 Bc8 21. Qxf4 e5
22. dxe6 Nxe6 23. Qh4 Bxh6 24. Bc2 Qxc2 25. Qxh6 Qxc4 26. Nc3 Qf4 27. Qh5 Rg8
28. Ne4 Nd4 29. Ng3 Bf5 30. Re7 Bg6 31. Qc5 b6 32. Qc3 Rae8 33. Rd7 Ne2+ 34.
Nxe2 Rxe2 35. Rf1 Be4 36. g3 Rc2 37. Qb3 Qf5 38. Rd4 c5 39. Rxe4 Qxe4 40. Qf7
Qf3 41. b4 cxb4 42. Qxa7 Rgc8 43. Qxb6 Rc1 44. Qb5 Rxf1+ 45. Qxf1 Rd8 46. h3
Rd1 47. h4 Rxf1+ 48. Kxf1 Qd1+ 49. Kg2 Qd5+ 50. Kh3 Qxa2 51. Kg2 b3 52. g4 b2
53. Kf3 Qd5+ 54. Kg3 b1=Q 55. g5 Qbh1 56. gxf6 Qdf3# {Hossa checkmated} 0-1

[Event "ICS rated standard match"]
[Site "204.178.125.65"]
[Date "2000.09.11"]
[Round "?"]
[White "BrazilianMaster"]
[Black "Hossa"]
[Result "1-0"]
[WhiteElo "2606"]
[BlackElo "2325"]
[PlyCount "101"]
[EventDate "2000.??.??"]

1. e4 e5 2. f4 exf4 3. Nf3 d6 4. d4 g5 5. Bc4 h6 6. O-O Bg7 7. c3 Be6 8. Qb3
Qc8 9. Nbd2 Ne7 10. Re1 g4 11. d5 Bd7 12. Nd4 Ng6 13. Rf1 g3 14. hxg3 fxg3 15.
N2f3 Ne5 16. Bf4 a5 17. Nf5 Bxf5 18. exf5 Nbd7 19. Rae1 Kd8 20. Bxg3 Nc5 21.
Nxe5 Nxb3 22. Nxf7+ Kd7 23. f6 Qf8 24. Bd3 Nd4 25. cxd4 Kc8 26. fxg7 Qxg7 27.
Nxh8 Qxd4+ 28. Bf2 Qxd3 29. Re8+ Kd7 30. Rxa8 Qxd5 31. a4 Qd2 32. Ng6 Qxb2 33.
Nf8+ Kc6 34. Rxa5 Qc3 35. Rh5 Qd2 36. g3 b6 37. Re1 Kb7 38. Ne6 c5 39. Nf4 Qc2
40. Rd5 Kc7 41. Re6 Qxa4 42. Rdxd6 Kc8 43. Nd5 Kb8 44. Rd8+ Kb7 45. Rxb6+ Ka7
46. Rb1 Qc6 47. Rdb8 h5 48. R8b4 Qa6 49. Bxc5+ Qb6 50. Rxb6 h4 51. Ra1# {
Hossa checkmated} 1-0

[Event "ICS Rated standard match"]
[Site "204.178.125.65"]
[Date "2000.09.11"]
[Round "?"]
[White "Hossa"]
[Black "BrazilianMaster"]
[Result "1-0"]
[WhiteElo "2325"]
[BlackElo "2611"]
[PlyCount "145"]
[EventDate "2000.??.??"]

1. e4 c5 2. Nf3 e6 3. d4 cxd4 4. Nxd4 Nf6 5. Nc3 Nc6 6. Ndb5 d6 7. Bf4 e5 8.
Bg5 a6 9. Na3 b5 10. Bxf6 gxf6 11. Nd5 Bg7 12. c4 O-O 13. cxb5 Nd4 14. bxa6 f5
15. exf5 Qa5+ 16. Nc3 Bxa6 17. Bxa6 Rxa6 18. O-O Rb8 19. Qd3 Rc6 20. Rfb1 d5
21. Nc2 Nxc2 22. Qxc2 d4 23. Qa4 Qc5 24. Ne4 Qd5 25. Re1 Rc4 26. Qd1 d3 27. Qf3
Rd4 28. f6 Bf8 29. Qg3+ Kh8 30. Nd2 Rxb2 31. Rxe5 Qa8 32. Rg5 Bh6 33. Rh5 Rxd2
34. Rxh6 Qg8 35. Qe3 Rg4 36. g3 Qg5 37. Qe8+ Qg8 38. Qe5 Re2 39. Qd6 d2 40. Rf1
Rge4 41. Qd5 Qf8 42. Rh5 h6 43. Kg2 Re6 44. Qg5 Kh7 45. Qf5+ Kg8 46. Qg4+ Kh7
47. Rd1 R6e4 48. Qd7 Re6 49. Qd3+ Kh8 50. Rxd2 Rxd2 51. Qxd2 Rxf6 52. Qd4 Qg7
53. Re5 Ra6 54. a4 Ra8 55. a5 Kg8 56. Qe4 Qf8 57. a6 Kg7 58. Qd4 Kg8 59. Ra5
Qe8 60. a7 Qc6+ 61. f3 Qc2+ 62. Kh3 Qc7 63. Ra6 Qc1 64. Rd6 Qc8+ 65. Kh4 Qf8
66. Kh5 Rc8 67. h3 Kh7 68. Qe4+ Kg8 69. Qd5 Kg7 70. Rc6 Rd8 71. Qf5 Qe8 72.
Rxh6 f6+ 73. Rg6+ {BrazilianMaster resigns} 1-0

[Event "ICS rated blitz match"]
[Site "204.178.125.65"]
[Date "2000.09.11"]
[Round "?"]
[White "Hossa"]
[Black "ELASSIOUTI"]
[Result "0-1"]
[WhiteElo "2494"]
[BlackElo "2291"]
[PlyCount "134"]
[EventDate "2000.??.??"]

1. e4 e6 2. d4 d5 3. Nc3 dxe4 4. Nxe4 Bd7 5. Nf3 Bc6 6. Bd3 Nd7 7. O-O Ngf6 8.
Ng3 Bxf3 9. Qxf3 c6 10. c4 Be7 11. Bd2 O-O 12. Rfd1 Re8 13. Bf4 Nf8 14. Bg5
N6d7 15. Bd2 Nf6 16. Be3 Qc7 17. Nh5 Nxh5 18. Qxh5 Bf6 19. Rd2 Rad8 20. Re1 Rd7
21. Qc5 b6 22. Qh5 Red8 23. Red1 g6 24. Qh6 c5 25. dxc5 bxc5 26. Bg5 Bxg5 27.
Qxg5 e5 28. Qh6 Ne6 29. Qe3 Rd4 30. g3 Qd6 31. f3 f6 32. b3 Kg7 33. h4 h5 34.
Qf2 f5 35. b4 cxb4 36. a3 bxa3 37. Qe3 Nc5 38. Bf1 Rxd2 39. Rxd2 Qxd2 40. Qxa3
Qd4+ 41. Kg2 Rd7 42. Be2 e4 43. Qa2 Qd2 44. Qxd2 Rxd2 45. Kf2 exf3 46. Kxf3 Ne4
47. Ke3 Rc2 48. Bd3 Rc1 49. Bxe4 Re1+ 50. Kd4 Rxe4+ 51. Kd5 Rg4 52. c5 Rxg3 53.
Kc4 Rg4+ 54. Kb5 Rxh4 55. c6 Rh1 56. Ka6 Rc1 57. Kxa7 Rxc6 58. Kb7 Rf6 59. Kc7
f4 60. Kb7 f3 61. Kc7 f2 62. Kd7 f1=R 63. Kc7 Re1 64. Kd7 Ra1 65. Kc8 Ra7 66.
Kb8 Re7 67. Kc8 Rf8# {Hossa checkmated} 0-1

[Event "ICS rated blitz match"]
[Site "204.178.125.65"]
[Date "2000.09.11"]
[Round "?"]
[White "bperon"]
[Black "Hossa"]
[Result "0-1"]
[WhiteElo "1919"]
[BlackElo "2470"]
[PlyCount "30"]
[EventDate "2000.??.??"]

1. e4 c5 2. c3 Nf6 3. Qe2 e5 4. g3 d5 5. d3 dxe4 6. dxe4 Bd6 7. Bg2 b6 8. Nd2
O-O 9. Ngf3 Ba6 10. c4 Nc6 11. O-O Nd4 12. Nxd4 cxd4 13. b3 Bb7 14. Qd3 Bb4 15.
Bb2 Bxd2 {bperon resigns} 0-1

[Event "ICS rated blitz match"]
[Site "204.178.125.65"]
[Date "2000.09.11"]
[Round "?"]
[White "Hossa"]
[Black "bperon"]
[Result "1-0"]
[WhiteElo "2471"]
[BlackElo "1918"]
[PlyCount "56"]
[EventDate "2000.??.??"]

1. e4 e6 2. d4 d5 3. Nd2 Nf6 4. e5 Nfd7 5. Bd3 c5 6. c3 Nc6 7. Ne2 cxd4 8. cxd4
f6 9. Nf4 Qe7 10. Qh5+ Qf7 11. Qxf7+ Kxf7 12. exf6 gxf6 13. Nf3 Bd6 14. O-O Nf8
15. Bd2 Ng6 16. Nh5 Bd7 17. Rac1 Rae8 18. Bh6 Rhg8 19. Bb5 a6 20. Be2 Bf8 21.
Bxf8 Rgxf8 22. Rc5 Rd8 23. Rfc1 Rfe8 24. Bd3 Bc8 25. Ng3 e5 26. dxe5 fxe5 27.
Bxa6 e4 28. Ng5+ Kf6 {bperon resigns} 1-0

[Event "ICS rated blitz match"]
[Site "204.178.125.65"]
[Date "2000.09.11"]
[Round "?"]
[White "Hossa"]
[Black "Colorado"]
[Result "1-0"]
[WhiteElo "2472"]
[BlackElo "2606"]
[PlyCount "135"]
[EventDate "2000.??.??"]

1. e4 e5 2. Bc4 Nf6 3. d3 Nc6 4. Nf3 Be7 5. c3 O-O 6. O-O d6 7. b4 a6 8. a4 d5
9. exd5 Nxd5 10. Re1 Bf6 11. Ba3 Re8 12. b5 Na5 13. Bxd5 Qxd5 14. c4 Qd8 15.
Ra2 Bf5 16. Bb4 axb5 17. axb5 b6 18. Ra3 e4 19. dxe4 Qxd1 20. Rxd1 Rxe4 21.
Nbd2 Ree8 22. c5 Be7 23. Rc1 h6 24. Re3 Be6 25. Nd4 Nb7 26. Nxe6 fxe6 27. Rxe6
Bxc5 28. Rxe8+ Rxe8 29. Bxc5 Nxc5 30. Nf3 Re2 31. g3 Rxf2 32. Kxf2 Nd3+ 33. Ke3
Nxc1 34. Nd4 Na2 35. Ne6 Kf7 36. Nxc7 Nb4 37. Kd4 Nc2+ 38. Kd5 Ne3+ 39. Kc6 Nc4
40. Nd5 Ne5+ 41. Kc7 Nf3 42. Kxb6 Ke6 43. Kc5 Kd7 44. b6 Kc8 45. Ne7+ Kb7 46.
Nf5 g5 47. Nxh6 Ne5 48. h3 Ka6 49. Kd6 Nc4+ 50. Ke6 Kxb6 51. Kf6 Kc5 52. Kxg5
Nd2 53. Kf4 Nc4 54. h4 Kd6 55. Nf5+ Ke6 56. Nd4+ Kf7 57. h5 Nb6 58. Kg5 Nd7 59.
Nc6 Nf8 60. h6 Ke6 61. g4 Kd5 62. Kf5 Kxc6 63. g5 Kd7 64. g6 Nxg6 65. Kxg6 Ke7
66. h7 Ke6 67. h8=Q Kd5 68. Qc3 {Colorado resigns} 1-0

[Event "ICS rated blitz match"]
[Site "204.178.125.65"]
[Date "2000.09.11"]
[Round "?"]
[White "gambitmaster"]
[Black "Hossa"]
[Result "1-0"]
[WhiteElo "2639"]
[BlackElo "2494"]
[PlyCount "77"]
[EventDate "2000.??.??"]

1. d4 d5 2. Nf3 Nf6 3. c4 e6 4. Nc3 c6 5. e3 Be7 6. Qc2 O-O 7. Be2 dxc4 8. Bxc4
c5 9. O-O Nc6 10. dxc5 Bxc5 11. Rd1 Bd7 12. Ne4 Nb4 13. Qd2 Nxe4 14. Qxd7 Nd6
15. Qa4 Qf6 16. Bb3 a5 17. Nd4 Bxd4 18. exd4 b5 19. Qa3 Ne4 20. Be3 Qh4 21.
Rac1 Nf6 22. f3 Rfb8 23. Bf2 Qg5 24. Rc5 Qh6 25. Bg3 Rb7 26. Qxa5 Na6 27. Qxa6
Rbb8 28. Bxb8 Qe3+ 29. Kh1 g6 30. Qxa8 Kg7 31. Be5 Qxe5 32. dxe5 Ng8 33. Qd8 h5
34. Rc8 Kh6 35. g4 hxg4 36. Qh4+ Kg7 37. Rxg8+ Kxg8 38. Rd8+ Kg7 39. Qh8# {
Hossa checkmated} 1-0

[Event "ICS rated blitz match"]
[Site "204.178.125.65"]
[Date "2000.09.11"]
[Round "?"]
[White "Hossa"]
[Black "gambitmaster"]
[Result "1-0"]
[WhiteElo "2484"]
[BlackElo "2649"]
[PlyCount "118"]
[EventDate "2000.??.??"]

1. e4 e5 2. Nf3 Nc6 3. Nc3 Nf6 4. Nxe5 Nxe5 5. d4 Nc6 6. d5 Ne5 7. f4 Ng6 8. e5
Ng8 9. d6 cxd6 10. exd6 Qa5 11. Qd4 Qb6 12. Qxb6 axb6 13. Nb5 Ra4 14. g3 Nf6
15. Bd3 Nd5 16. Bd2 Nb4 17. Bxb4 Rxb4 18. O-O-O Kd8 19. Rhe1 Nxf4 20. gxf4 Ra4
21. Re4 Rxe4 22. Bxe4 f5 23. Bd5 h6 24. Bf7 g5 25. Rd5 gxf4 26. Rxf5 h5 27.
Bxh5 Bh6 28. Kd2 Rg8 29. Kd3 Rg5 30. Rxg5 Bxg5 31. Ke4 Bh6 32. Nd4 b5 33. Nf5
Bg5 34. Ke5 f3 35. Bxf3 Bc1 36. b3 Bb2+ 37. Kf4 Bc1+ 38. Kg4 Bd2 39. h4 Ke8 40.
Ne7 Kd8 41. h5 b4 42. Nf5 Bc3 43. h6 b6 44. h7 Bf6 45. Ne7 Ba6 46. Ng6 Bf1 47.
h8=R+ Bxh8 48. Nxh8 Ke8 49. Kg5 Kd8 50. Ng6 Bb5 51. Ne7 Ke8 52. Bh5+ Kd8 53.
Kf6 Bf1 54. Nd5 Bg2 55. Nxb6 Be4 56. Bf7 Bxc2 57. Nd5 Be4 58. Nxb4 Bg2 59. Nd5
Be4 {gambitmaster resigns} 1-0

[Event "ICS rated blitz match"]
[Site "204.178.125.65"]
[Date "2000.09.11"]
[Round "?"]
[White "gambitmaster"]
[Black "Hossa"]
[Result "1-0"]
[WhiteElo "2626"]
[BlackElo "2507"]
[PlyCount "111"]
[EventDate "2000.??.??"]

1. d4 d5 2. c4 e6 3. Nc3 Nf6 4. cxd5 exd5 5. Bg5 Be7 6. e3 O-O 7. Bd3 c6 8. Qc2
Nbd7 9. Nge2 Re8 10. h3 Ne4 11. Bxe7 Qxe7 12. Bxe4 dxe4 13. O-O Nb6 14. Ng3 f5
15. Nh5 Be6 16. Nf4 Bc4 17. Rfc1 Qf7 18. b3 Ba6 19. Qd1 g5 20. Nh5 Bd3 21. a4
Qg6 22. a5 Nd7 23. b4 Qe6 24. h4 h6 25. hxg5 hxg5 26. Qd2 Qf7 27. Qd1 Re7 28.
Ng3 Qh7 29. b5 Rb8 30. bxc6 bxc6 31. Qd2 Rf7 32. Nce2 Rc8 33. d5 c5 34. Rd1 Qh4
35. Nc1 Ne5 36. Nxd3 Nxd3 37. Rab1 Rh7 38. d6 Qh2+ 39. Kf1 c4 40. Rb5 Rf7 41.
Qc3 Qh4 42. Qd4 a6 43. d7 Rd8 44. Qb6 Rfxd7 45. Qe6+ Kh8 46. Qf6+ Kg8 47. Rxf5
Rg7 48. Qxd8+ Kh7 49. Rf8 Qxg3 50. fxg3 Nf4 51. gxf4 Kh6 52. Rh8+ Kg6 53. Qxg5+
Kf7 54. Qh5+ Ke6 55. Re8+ Kf6 56. Rd6# {Hossa checkmated} 1-0

[Event "ICS rated blitz match"]
[Site "204.178.125.65"]
[Date "2000.09.11"]
[Round "?"]
[White "Hossa"]
[Black "gambitmaster"]
[Result "1/2-1/2"]
[WhiteElo "2496"]
[BlackElo "2637"]
[PlyCount "167"]
[EventDate "2000.??.??"]

1. e4 e6 2. d4 d5 3. Nd2 c5 4. exd5 exd5 5. Ngf3 Nf6 6. Bb5+ Bd7 7. Qe2+ Be7 8.
O-O O-O 9. dxc5 Re8 10. Qd3 Bxc5 11. Nb3 Qb6 12. Bxd7 Nbxd7 13. c3 Qe6 14. Bg5
Bb6 15. Rfe1 Ne4 16. Bh4 Ne5 17. Nxe5 Qxe5 18. Qf3 Re6 19. Bg3 Qg5 20. Bf4 Qd8
21. Re2 Qf6 22. Be3 Qxf3 23. gxf3 Nd6 24. Rd1 Nf5 25. Rxd5 Nxe3 26. fxe3 Bxe3+
27. Kh1 Rae8 28. Nd4 Re5 29. Rxe5 Rxe5 30. Nf5 Bf4 31. Rxe5 Bxe5 32. Ne7+ Kf8
33. Nd5 Bd6 34. Kg2 f5 35. f4 Kf7 36. h4 Ke6 37. c4 g6 38. a4 Bc5 39. a5 Bd4
40. a6 bxa6 41. b3 a5 42. Kf3 Kd7 43. Ke2 Kd6 44. Kd3 Bf2 45. h5 gxh5 46. Ke2
Bd4 47. Kf3 h4 48. Kg2 h6 49. Kh3 Bf2 50. Kg2 Be1 51. Ne3 Ke6 52. Nd5 h5 53.
Ne3 Bd2 54. Nd5 Bb4 55. Kh3 Be1 56. Kg2 a6 57. Ne3 Bd2 58. Nd5 Kd6 59. Kh3 a4
60. bxa4 Be1 61. Nf6 Ke7 62. Nd5+ Kd7 63. Nf6+ Ke6 64. Ne8 Ke7 65. Ng7 Kf6 66.
Ne8+ Kf7 67. Nc7 a5 68. c5 Bf2 69. c6 Ke7 70. Nd5+ Ke6 71. c7 Kd7 72. Kh2 Kc8
73. Kh3 Bg3 74. Kg2 Be1 75. Kg1 Bb4 76. Kg2 Kb7 77. Kh3 Be1 78. Kg2 Bg3 79. Kf3
Kc8 80. Kg2 Kd7 81. Kf3 Be1 82. Kg2 Bb4 83. Kh3 Be1 84. Kg2 {
Game drawn by mutual agreement} 1/2-1/2

[Event "ICS rated blitz match"]
[Site "204.178.125.65"]
[Date "2000.09.11"]
[Round "?"]
[White "gambitmaster"]
[Black "Hossa"]
[Result "1/2-1/2"]
[WhiteElo "2631"]
[BlackElo "2502"]
[PlyCount "187"]
[EventDate "2000.??.??"]

1. e4 e5 2. Nf3 Nc6 3. Bb5 a6 4. Ba4 Nf6 5. O-O Be7 6. Re1 b5 7. Bb3 d6 8. c3
O-O 9. h3 Bb7 10. d4 Re8 11. Nbd2 Bf8 12. Bc2 g6 13. d5 Ne7 14. c4 Bg7 15. Ng5
c6 16. dxc6 Nxc6 17. cxb5 axb5 18. Bd3 Nd4 19. Nb3 h6 20. Nf3 Qb6 21. Bd2 d5
22. exd5 Bxd5 23. Nxe5 Nxb3 24. axb3 Rxa1 25. Qxa1 Qb8 26. f4 Bxb3 27. Qa3 Bc4
28. Nxc4 bxc4 29. Rxe8+ Nxe8 30. Bxc4 Bd4+ 31. Kf1 Bxb2 32. Qd3 Qb6 33. Qe4 Kf8
34. f5 g5 35. Be3 Qa5 36. Qd5 Qxd5 37. Bxd5 Nf6 38. Bb7 Nh5 39. g4 Nf4 40. h4
Bc3 41. Kf2 Kg8 42. Kf3 Be5 43. Be4 Nh3 44. h5 Nf4 45. Bc5 Kg7 46. Ke3 Bb2 47.
Bc2 Nd5+ 48. Kf3 Kg8 49. Bd6 Nf6 50. Ba4 Bd4 51. Bc6 Bc3 52. Bb5 Bd4 53. Bf1
Nd7 54. Be2 Be5 55. Ba3 Nf6 56. Bb5 Bd4 57. Bc6 Be5 58. Bc5 Bb2 59. Be7 Bd4 60.
Bb4 Be5 61. Ba3 Bd4 62. Be7 Bc3 63. Bb5 Nd5 64. Bc5 Nf6 65. Bb6 Kf8 66. Bc6 Kg8
67. Bf2 Be5 68. Be3 Bc3 69. Bg1 Bb2 70. Bb5 Be5 71. Bf2 Nd5 72. Bc5 Nf6 73. Ba4
Bb2 74. Bb4 Be5 75. Bb3 Nd7 76. Ke4 Bg7 77. Bd1 Bf8 78. Be1 Bg7 79. Bg3 Nf6+
80. Ke3 Nd7 81. Bd6 Bf8 82. Bc7 Bg7 83. Ke4 Nf6+ 84. Kd3 Nd7 85. Bd6 Bf8 86.
Bh2 Bg7 87. Ke4 Nf6+ 88. Kf3 Nd7 89. Bd6 Bf8 90. Bg3 Bg7 91. Be2 Bb2 92. Ke4
Nf6+ 93. Kd3 Nd5 94. Bf3 {Game drawn by the 50 move rule} 1/2-1/2

[Event "ICS rated blitz match"]
[Site "204.178.125.65"]
[Date "2000.09.11"]
[Round "?"]
[White "Athlon900"]
[Black "Hossa"]
[Result "1-0"]
[WhiteElo "2837"]
[BlackElo "2508"]
[PlyCount "147"]
[EventDate "2000.??.??"]

1. e4 c5 2. Nf3 e6 3. d4 cxd4 4. Nxd4 a6 5. Bd3 Qc7 6. O-O Nf6 7. Qe2 Bd6 8. f4
Bc5 9. Be3 Qb6 10. c3 Nc6 11. Nc2 d6 12. Nba3 Bxe3+ 13. Nxe3 O-O 14. Rad1 Qc7
15. Rf3 b5 16. Rg3 b4 17. cxb4 Nxb4 18. Nac2 Nxd3 19. Qxd3 Bb7 20. Qd4 e5 21.
fxe5 dxe5 22. Qc4 Rfc8 23. Qxc7 Rxc7 24. Nb4 Nxe4 25. Ned5 Bxd5 26. Nxd5 Rc2
27. Re3 Nf2 28. Rf1 Ng4 29. Rg3 Nh6 30. Rf2 Rxf2 31. Kxf2 Nf5 32. Rd3 Nd4 33.
Rc3 Rd8 34. Ke3 f6 35. Ke4 h6 36. b3 Kh7 37. Rd3 Rc8 38. Rc3 Rxc3 39. Nxc3 Kg6
40. Nd5 Nc2 41. b4 Kf7 42. a4 g6 43. g4 Kg7 44. a5 Nd4 45. Nc7 f5+ 46. gxf5
gxf5+ 47. Kxe5 Nc6+ 48. Kxf5 Nxb4 49. Ne6+ Kf7 50. Nc5 Nc6 51. Nb7 Kg7 52. Ke6
Nd4+ 53. Kd5 Nf3 54. Nc5 Nd2 55. Kc6 Nc4 56. Nb3 Kf6 57. Kd5 Ne3+ 58. Kd4 Ng4
59. Nc5 Nxh2 60. Nxa6 Nf3+ 61. Kd5 Ne5 62. Nb4 Ng6 63. Kc5 h5 64. a6 h4 65. a7
h3 66. a8=Q Kg5 67. Qf3 h2 68. Kd6 Kh6 69. Ke6 Kg7 70. Qf7+ Kh6 71. Kf6 Kh5 72.
Qxg6+ Kh4 73. Kf5 h1=Q 74. Qg4# {Hossa checkmated} 1-0

[Event "ICS rated blitz match"]
[Site "204.178.125.65"]
[Date "2000.09.11"]
[Round "?"]
[White "Hossa"]
[Black "Athlon900"]
[Result "1/2-1/2"]
[WhiteElo "2504"]
[BlackElo "2841"]
[PlyCount "189"]
[EventDate "2000.??.??"]

1. e4 e6 2. d4 d5 3. Nc3 dxe4 4. Nxe4 Nc6 5. Nf3 Nf6 6. Nxf6+ Qxf6 7. c3 h6 8.
Bd3 Bd7 9. Be3 O-O-O 10. O-O Kb8 11. b4 Be8 12. a4 Ne7 13. a5 Nd5 14. Qd2 g5
15. a6 b6 16. Ne5 Bd6 17. Nc4 Be7 18. Rab1 Nf4 19. Be4 Bb5 20. Ne5 Qxe5 21.
dxe5 Rxd2 22. Bxd2 Rd8 23. Bxf4 Bxf1 24. Kxf1 gxf4 25. Bc6 f6 26. exf6 Bxf6 27.
Rc1 Rd3 28. c4 Rd2 29. Re1 Bc3 30. b5 e5 31. g3 Kc8 32. gxf4 Bd4 33. Re2 Rxe2
34. Kxe2 exf4 35. f3 Kd8 36. Kd3 Bf6 37. Ke4 Bg5 38. Kf5 Ke7 39. Bd5 Kd6 40.
Ke4 Bf6 41. Kxf4 Be5+ 42. Kf5 Bxh2 43. f4 Bg3 44. Kg4 Bh2 45. f5 Ke5 46. Bc6
Kf6 47. Bd7 Be5 48. Be6 Bd6 49. Kh4 Bf4 50. Kh5 Be3 51. Kg4 Bd2 52. Bd7 Ke7 53.
Bc8 Kf6 54. Be6 Ke5 55. Bd7 Kf6 56. Kh5 Bf4 57. Kh4 Bd2 58. Bc8 Bf4 59. Be6 Be3
60. Kh5 Bf4 61. Kg4 Ke5 62. Bd7 Bg5 63. Bc6 Bd2 64. Be8 Kf6 65. Bg6 Ke5 66. Bf7
Kf6 67. Bd5 Bg5 68. Be4 Bd2 69. Bc2 Ke5 70. Kh5 Kf6 71. Be4 Bf4 72. Bd3 Bg5 73.
Kg4 Ke5 74. Be2 Kf6 75. Bf3 Ke5 76. Bh1 Be3 77. Ba8 Kf6 78. Bb7 Kf7 79. Kf3 Bg5
80. Bd5+ Kf6 81. Kg4 Ke5 82. Bb7 Kf6 83. Bc6 Bd2 84. Be4 Bg5 85. Bc2 Ke5 86.
Kh5 Kf6 87. Bb1 Bf4 88. Kg4 Bh2 89. Bd3 Bd6 90. Be2 Bh2 91. Bf3 Be5 92. Be4 Bd4
93. Bc6 Be3 94. Kf3 Bd4 95. Ke4 {Game drawn by the 50 move rule} 1/2-1/2

[Event "ICS rated blitz match"]
[Site "204.178.125.65"]
[Date "2000.09.11"]
[Round "?"]
[White "gambitmaster"]
[Black "Hossa"]
[Result "0-1"]
[WhiteElo "2621"]
[BlackElo "2516"]
[PlyCount "121"]
[EventDate "2000.??.??"]

1. d4 d5 2. c4 e6 3. Nc3 Nf6 4. Nf3 Bb4 5. Bg5 dxc4 6. Qa4+ Nc6 7. a3 Bxc3+ 8.
bxc3 Qd5 9. Bxf6 gxf6 10. Nd2 b5 11. Qd1 f5 12. e3 e5 13. a4 exd4 14. axb5 dxc3
15. Nxc4 Qxd1+ 16. Rxd1 Nb4 17. Rc1 Nd5 18. Na3 a5 19. Bc4 Be6 20. Bxd5 Bxd5
21. O-O Rg8 22. g3 Bf3 23. Rxc3 Kd7 24. Rd3+ Kc8 25. Rc1 Rd8 26. Rdc3 Rd7 27.
b6 c6 28. Nc4 Rd5 29. h4 Ra6 30. Kf1 Ra8 31. Ra1 Kb7 32. Rb1 Be4 33. Rbb3 a4
34. Ra3 Rc5 35. Ke2 Bd5 36. Nd6+ Kxb6 37. Rxc5 Kxc5 38. Nxf5 Kb4 39. Ra1 a3 40.
Nd6 a2 41. e4 Be6 42. Kd2 Kb3 43. Kc1 Ra5 44. Nb7 Rb5 45. Nd8 Rb4 46. Nxe6 fxe6
47. f3 c5 48. h5 Ra4 49. g4 e5 50. g5 Rc4+ 51. Kd2 Rc2+ 52. Ke3 Rg2 53. Rd1 c4
54. g6 hxg6 55. f4 c3 56. Rh1 gxh5 57. fxe5 c2 58. e6 Rg7 59. Rf1 Kb2 60. Kd2
h4 61. e5 {gambitmaster resigns} 0-1

[Event "ICS rated blitz match"]
[Site "204.178.125.65"]
[Date "2000.09.11"]
[Round "?"]
[White "Hossa"]
[Black "gambitmaster"]
[Result "1-0"]
[WhiteElo "2537"]
[BlackElo "2600"]
[PlyCount "113"]
[EventDate "2000.??.??"]

1. e4 c5 2. Nf3 Nc6 3. d4 cxd4 4. Nxd4 Nf6 5. Nc3 d6 6. Bg5 e6 7. Qd2 a6 8.
O-O-O h6 9. Be3 Be7 10. f4 Nxd4 11. Bxd4 b5 12. Qe3 Qc7 13. e5 dxe5 14. fxe5
Nd7 15. Ne4 Bb7 16. Nd6+ Qxd6 17. exd6 Bg5 18. Qxg5 hxg5 19. Bxg7 Rh4 20. Bd4
f5 21. Be3 e5 22. Bxg5 Rg4 23. Be7 Bxg2 24. Be2 Bxh1 25. Bxg4 fxg4 26. Rxh1 Kf7
27. Rg1 Rg8 28. b3 Ke6 29. Rf1 e4 30. Kd2 Rh8 31. Rf2 Nb6 32. Ke3 Nd5+ 33. Kxe4
Nxe7 34. dxe7 Kxe7 35. Kf4 Rf8+ 36. Kg3 Rg8 37. Rf4 Rd8 38. Rxg4 Rd2 39. Rg6 a5
40. Ra6 a4 41. bxa4 bxa4 42. Rxa4 Rxc2 43. h4 Rc3+ 44. Kg4 Rc2 45. h5 Rg2+ 46.
Kh3 Rg1 47. Ra7+ Kd8 48. Kh4 Rh1+ 49. Kg5 Rg1+ 50. Kh6 Kc8 51. Rg7 Rc1 52. Kh7
Kd8 53. h6 Ke8 54. Kg8 Rf1 55. Rg5 Rf8+ 56. Kg7 Rf7+ 57. Kg6 {
gambitmaster resigns} 1-0

[Event "ICS rated blitz match"]
[Site "204.178.125.65"]
[Date "2000.09.11"]
[Round "?"]
[White "QueenMaxima"]
[Black "Hossa"]
[Result "0-1"]
[WhiteElo "2657"]
[BlackElo "2556"]
[PlyCount "140"]
[EventDate "2000.??.??"]

1. d4 d5 2. c4 e6 3. Nc3 c5 4. cxd5 exd5 5. Nf3 Nc6 6. g3 Nf6 7. Bg2 Be7 8. O-O
O-O 9. Bg5 cxd4 10. Nxd4 h6 11. Be3 Re8 12. Rc1 Bg4 13. h3 Bc8 14. Ra1 Bb4 15.
Qd3 a6 16. Rac1 Ne5 17. Qc2 Nc4 18. Bf4 g5 19. Bc7 Qxc7 20. Nxd5 Nxd5 21. Bxd5
Bf8 22. Qg6+ Bg7 23. Rxc4 Qd7 24. e4 Qxd5 25. Qxg7+ Kxg7 26. exd5 Bxh3 27. Rd1
Re5 28. Nf3 Re2 29. Rb4 Rae8 30. Rxb7 g4 31. Nd4 Re1+ 32. Rxe1 Rxe1+ 33. Kh2
Rf1 34. Nf5+ Kf6 35. Nxh6 Rxf2+ 36. Kg1 Rf1+ 37. Kh2 Kg7 38. Rb6 f6 39. d6 Rf2+
40. Kg1 Rg2+ 41. Kh1 Kxh6 42. d7 Rd2 43. Rxf6+ Kg5 44. Rxa6 Rxd7 45. Ra5+ Kf6
46. Ra6+ Ke5 47. Rb6 Rd1+ 48. Kh2 Rd2+ 49. Kh1 Bg2+ 50. Kg1 Bd5 51. Kf1 Bxa2
52. Rb4 Be6 53. Kg1 Rd4 54. Rxd4 Kxd4 55. Kf2 Bc4 56. Ke1 Ke3 57. b4 Be2 58. b5
Bxb5 59. Kd1 Kf2 60. Kd2 Bf1 61. Kd1 Kxg3 62. Ke1 Ba6 63. Kd2 Kf3 64. Kc3 g3
65. Kb4 g2 66. Kc5 g1=Q+ 67. Kd5 Qb6 68. Ke5 Bc4 69. Kf5 Qh6 70. Ke5 Qf4# {
QueenMaxima checkmated} 0-1